[Event "AUT-chT2M 2324"]
[Site "Austria"]
[Date "2024.03.16"]
[Round "7.2"]
[White "Salvenmoser, Stefan"]
[Black "Hasanagic, Alim"]
[Result "1-0"]
[WhiteElo "2330"]
[BlackElo "2301"]
[PlyCount "75"]
[EventDate "2023.11.03"]
[EventType "team-tourn"]
[EventRounds "11"]
[EventCountry "AUT"]
[SourceTitle "CB16_2024"]
[SourceDate "2024.04.17"]
[SourceVersion "1"]
[SourceVersionDate "2024.04.17"]
[SourceQuality "1"]
[WhiteTeam "Grieskirchen"]
[BlackTeam "Villach Admira"]
[WhiteTeamCountry "AUT"]
[BlackTeamCountry "AUT"]

1. e4 c6 2. Nf3 d5 3. d3 dxe4 4. dxe4 Qxd1+ 5. Kxd1 Nf6 6. Nbd2 Nbd7 7. Ne1 Nc5 8. f3 e5 9. a4 a5 10. Nc4 Nfd7 11. h4 h5 12. g3 f6 13. Be3 Kd8 14. Rh2 Kc7 15. Rd2 b6 16. Ke2 Ba6 17. Kf2 Be7 18. Rad1 Bxc4 19. Bxc4 Rad8 20. b3 Rhf8 21. Ke2 g5 22. Nd3 Nxd3 23. Rxd3 Nc5 24. Rxd8 Rxd8 25. Rxd8 Kxd8 26. Bf7 gxh4 27. gxh4 b5 28. axb5 cxb5 29. Bxh5 a4 30. bxa4 bxa4 31. Bf7 Bd6 32. h5 Ke7 33. Bd5 Ne6 34. h6 Nf8 35. c4 Bb4 36. c5 a3 37. Kd3 Nh7 38. Kc2 1-0

[Event "EU-ch Blitz"]
[Site "Zagreb"]
[Date "2023.12.16"]
[Round "2"]
[White "Jobava, Baadur"]
[Black "Hasanagic, Alim"]
[Result "1-0"]
[WhiteElo "2591"]
[BlackElo "2308"]
[PlyCount "47"]
[EventDate "2023.12.16"]
[EventType "swiss (blitz)"]
[EventRounds "13"]
[EventCountry "CRO"]
[SourceTitle "CB51_2023"]
[SourceDate "2023.12.20"]
[SourceVersion "1"]
[SourceVersionDate "2023.12.20"]
[SourceQuality "1"]

1. b3 e5 2. Bb2 Nc6 3. e3 Nf6 4. h3 d5 5. Bb5 Bd6 6. Nf3 e4 7. Ne5 0-0 8. Nxc6 bxc6 9. Bxc6 Rb8 10. d3 Rb6 11. Ba4 Qe7 12. Nd2 Bf5 13. Qe2 Bb4 14. 0-0 Ne8 15. dxe4 dxe4 16. Nc4 Rg6 17. Ne5 Re6 18. f4 exf3 19. Qxf3 Bxc2 20. Nc6 Qc5 21. Bd4 Qg5 22. Nxb4 Be4 23. Qg4 Qxg4 24. hxg4 1-0

[Event "AUT-chT2M 2324"]
[Site "Austria"]
[Date "2023.11.03"]
[Round "1.2"]
[White "Renner, Christoph"]
[Black "Hasanagic, Alim"]
[Result "0-1"]
[WhiteElo "2312"]
[BlackElo "2301"]
[PlyCount "78"]
[EventDate "2023.11.03"]
[EventType "team-tourn"]
[EventRounds "11"]
[EventCountry "AUT"]
[SourceTitle "CB46_2023"]
[SourceDate "2023.11.15"]
[SourceVersion "1"]
[SourceVersionDate "2023.11.15"]
[SourceQuality "1"]
[WhiteTeam "Sauwald"]
[BlackTeam "Villach Admira"]
[WhiteTeamCountry "AUT"]
[BlackTeamCountry "AUT"]

1. d4 Nf6 2. Nf3 d5 3. c4 e6 4. Nc3 Bb4 5. Qa4+ Nc6 6. e3 0-0 7. a3 Bxc3+ 8. bxc3 dxc4 9. Bxc4 Bd7 10. Qd1 Na5 11. Bd3 Bc6 12. Ne5 Be4 13. Bb2 Bxd3 14. Qxd3 Nd7 15. Nf3 Nc5 16. Qc2 Ncb3 17. Rd1 b5 18. 0-0 Qe7 19. c4 bxc4 20. d5 f6 21. Qc3 e5 22. Nh4 Rab8 23. Nf5 Qd7 24. e4 Nb7 25. f4 exf4 26. Rxf4 Nd6 27. Rdf1 Nxf5 28. Rxf5 Nc5 29. Qxc4 Nxe4 30. Qd4 Nd6 31. R5f2 a6 32. a4 Rbe8 33. Rc2 Rf7 34. Rfc1 Nf5 35. Qd3 Ne3 36. Rxc7 Qg4 37. Qd2 Rxc7 38. Rxc7 Nxg2 39. h3 Qg3 0-1

[Event "BIH-chT 29th"]
[Site "Bihac"]
[Date "2022.08.25"]
[Round "4.1"]
[White "Hasanagic, Alim"]
[Black "Buljubasic, Sabahudin"]
[Result "1-0"]
[WhiteElo "2225"]
[BlackElo "2335"]
[PlyCount "101"]
[EventDate "2022.08.23"]
[EventType "tourn"]
[EventRounds "9"]
[EventCountry "BIH"]
[SourceTitle "CBM 210 Extra"]
[Source "ChessBase"]
[SourceDate "2022.11.30"]
[SourceVersion "1"]
[SourceVersionDate "2022.11.30"]
[SourceQuality "1"]

1. d4 Nf6 2. Bg5 d5 3. Bxf6 exf6 4. e3 Bd6 5. c4 dxc4 6. Bxc4 0-0 7. Nc3 c6 8. Nf3 Nd7 9. 0-0 Nb6 10. Bd3 Re8 11. Qc2 g6 12. Rad1 Bg4 13. Be2 Rc8 14. Rfe1 Bb8 15. h3 Be6 16. Bf1 Kg7 17. e4 f5 18. e5 Nd5 19. Na4 b6 20. a3 a5 21. Rb1 Qe7 22. Qd2 h6 23. Rec1 Ba7 24. Be2 Red8 25. Bf1 g5 26. g3 f4 27. Kh2 Kh8 28. Nc3 c5 29. Nb5 Bb8 30. Bg2 Qd7 31. Qe2 Bf5 32. Ra1 c4 33. Nc3 Bd3 34. Qd2 fxg3+ 35. fxg3 Ne7 36. Bf1 Bg6 37. Re1 b5 38. a4 b4 39. Nb5 Qf5 40. Bg2 Nd5 41. Rac1 Nb6 42. h4 f6 43. hxg5 fxe5 44. Nh4 Qf7 45. Rf1 c3 46. bxc3 bxc3 47. Rxc3 Qe8 48. Rf6 Bh7 49. Rxh6 e4 50. Rxc8 Nxc8 51. g6 1-0

[Event "BIH-chT 29th"]
[Site "Bihac"]
[Date "2022.08.23"]
[Round "1.1"]
[White "Lazic, Miroljub"]
[Black "Hasanagic, Alim"]
[Result "1/2-1/2"]
[WhiteElo "2300"]
[BlackElo "2225"]
[PlyCount "109"]
[EventDate "2022.08.23"]
[EventType "tourn"]
[EventRounds "9"]
[EventCountry "BIH"]
[SourceTitle "CBM 210 Extra"]
[Source "ChessBase"]
[SourceDate "2022.11.30"]
[SourceVersion "1"]
[SourceVersionDate "2022.11.30"]
[SourceQuality "1"]

1. g3 d5 2. Nf3 Nc6 3. d4 Bf5 4. Bg2 Nb4 5. Na3 e6 6. c3 Nc6 7. Nb1 Be7 8. Nbd2 Nf6 9. 0-0 Ne4 10. Ne1 Nxd2 11. Qxd2 0-0 12. Nd3 h6 13. Re1 Be4 14. Qd1 Bd6 15. Be3 Bxg2 16. Kxg2 e5 17. dxe5 Nxe5 18. Nxe5 Bxe5 19. Qb3 b6 20. Rad1 c6 21. Bd4 Qf6 22. Bxe5 Qxe5 23. Qa4 Qc7 24. e4 dxe4 25. Rxe4 Rfe8 26. Red4 b5 27. Qa6 Qb6 28. Qxb6 axb6 29. a3 Re2 30. R1d2 Rxd2 31. Rxd2 c5 32. Rd6 Ra6 33. Kf3 b4 34. axb4 cxb4 35. cxb4 Ra2 36. b3 Rb2 37. Rd3 Kf8 38. h4 h5 39. Ke3 Ke7 40. f3 Rb1 41. Kf4 g6 42. Kg5 Rg1 43. Kf4 Rg2 44. g4 hxg4 45. fxg4 Kf6 46. Rd6+ Kg7 47. Rxb6 Rb2 48. Rc6 Rxb3 49. Rc4 Rh3 50. Ke5 Rxh4 51. b5 f5 52. Rc7+ Kh6 53. gxf5 gxf5 54. Rc6+ Kg5 55. Rc1 1/2-1/2

[Event "Titled Tuesday intern op 01st Dec"]
[Site "Chess.com INT"]
[Date "2020.12.01"]
[Round "7"]
[White "Hasanagic, Alim"]
[Black "Reyes, Narquinden"]
[Result "0-1"]
[WhiteElo "2225"]
[BlackElo "2281"]
[PlyCount "113"]
[EventDate "2020.12.01"]
[EventType "swiss (blitz)"]
[EventRounds "11"]
[EventCountry "USA"]
[SourceTitle "CBM 199 Extra"]
[Source "ChessBase"]
[SourceDate "2021.01.31"]
[SourceVersion "1"]
[SourceVersionDate "2021.01.31"]
[SourceQuality "1"]

1. d4 Nf6 2. Bg5 d5 3. Bxf6 exf6 4. e3 Bd6 5. g3 c6 6. Bg2 Nd7 7. b3 Qa5+ 8. c3 f5 9. Ne2 Nf6 10. 0-0 Ne4 11. c4 Be6 12. Qc2 h5 13. Nf4 Bxf4 14. gxf4 h4 15. Kh1 h3 16. Bf3 0-0-0 17. Rg1 Rdg8 18. Bxe4 fxe4 19. cxd5 Qxd5 20. Nc3 Qh5 21. Rg3 f5 22. Qe2 g5 23. Qxh5 Rxh5 24. fxg5 Rgxg5 25. Ne2 Rxg3 26. hxg3 h2 27. Nf4 Rh6 28. Kg2 Bf7 29. Rh1 Kc7 30. Rxh2 Rxh2+ 31. Kxh2 Kb6 32. g4 fxg4 33. Kg3 Kb5 34. Kxg4 Kb4 35. f3 exf3 36. Kxf3 Ka3 37. Nd3 Kxa2 38. e4 Kxb3 39. Nc5+ Kc4 40. Ke3 b6 41. Nd7 Kc3 42. e5 Be6 43. Nb8 Bd5 44. Nd7 b5 45. Nc5 b4 46. e6 b3 47. e7 Bf7 48. Ke4 b2 49. Na4+ Kb3 50. Nxb2 Kxb2 51. Ke5 a5 52. Kd6 Be8 53. Kc7 a4 54. Kd8 Bf7 55. Kc7 a3 56. Kxc6 a2 57. d5 0-1

[Event "Titled Tuesday intern op 01st Dec"]
[Site "Chess.com INT"]
[Date "2020.12.01"]
[Round "11"]
[White "Manolache, Marius"]
[Black "Hasanagic, Alim"]
[Result "0-1"]
[WhiteElo "2533"]
[BlackElo "2225"]
[PlyCount "126"]
[EventDate "2020.12.01"]
[EventType "swiss (blitz)"]
[EventRounds "11"]
[EventCountry "USA"]
[SourceTitle "CBM 199 Extra"]
[Source "ChessBase"]
[SourceDate "2021.01.31"]
[SourceVersion "1"]
[SourceVersionDate "2021.01.31"]
[SourceQuality "1"]

1. d4 Nf6 2. c4 e6 3. Nc3 Bb4 4. e3 d5 5. Nf3 0-0 6. Bd2 b6 7. Rc1 Bb7 8. cxd5 exd5 9. Be2 a6 10. Ne5 Bd6 11. 0-0 c5 12. f4 Nbd7 13. Be1 Ne4 14. Nxe4 dxe4 15. Nxd7 Qxd7 16. dxc5 bxc5 17. Rxc5 Rfd8 18. Rc2 Qe7 19. Qc1 Rac8 20. Bg4 Rxc2 21. Qxc2 Bc5 22. Bf2 g6 23. Rd1 Bb6 24. Qb3 Rxd1+ 25. Bxd1 Bc5 26. a3 Bc6 27. Qc3 Bb5 28. Bc2 Ba7 29. b4 h5 30. h3 Kh7 31. Bb3 Bd3 32. Bd5 g5 33. fxg5 Qxg5 34. Qc7 Bxe3 35. Qxf7+ Kh6 36. Qf8+ Kh7 37. Bxe3 Qxe3+ 38. Kh2 Qg5 39. Qf7+ Kh6 40. Qe6+ Kh7 41. Qd6 Kg7 42. Bc6 h4 43. Bd7 Qf6 44. Qxf6+ Kxf6 45. Kg1 e3 46. a4 Ke7 47. Bg4 Kd6 48. Bf3 Ke5 49. Bc6 Kf4 50. b5 Kg3 51. Bf3 axb5 52. axb5 Bxb5 53. Bg4 e2 54. Bxe2 Bxe2 55. Kh1 Bc4 56. Kg1 Bd5 57. Kf1 Bxg2+ 58. Kg1 Bxh3 59. Kh1 Bg4 60. Kg1 h3 61. Kh1 Bf3+ 62. Kg1 h2+ 63. Kf1 h1Q# 0-1

[Event "EU-ch Online U2300 Final"]
[Site "Chess.com INT"]
[Date "2020.05.26"]
[Round "1"]
[White "Gallasch, Jonas"]
[Black "Hasanagic, Alim"]
[Result "1/2-1/2"]
[WhiteElo "2090"]
[BlackElo "2225"]
[PlyCount "144"]
[EventDate "2020.05.26"]
[EventType "swiss"]
[EventRounds "8"]
[EventCountry "NET"]
[SourceTitle "CBM 196 Extra"]
[Source "ChessBase"]
[SourceDate "2020.07.31"]
[SourceVersion "1"]
[SourceVersionDate "2020.07.31"]
[SourceQuality "1"]

1. d4 d6 2. Nf3 f5 3. g3 Nf6 4. Bg2 g6 5. 0-0 Bg7 6. c4 0-0 7. Nc3 c6 8. Re1 h6 9. e4 fxe4 10. Nxe4 Nxe4 11. Rxe4 g5 12. Qe1 Rf7 13. h3 Bf5 14. Re3 Qd7 15. Kh2 Na6 16. Bd2 Raf8 17. Bc3 g4 18. Nh4 gxh3 19. Bf1 d5 20. f4 Nc7 21. Nxf5 Qxf5 22. Bxh3 Qh5 23. c5 Nb5 24. Rd1 Kh8 25. a4 Nxc3 26. bxc3 b6 27. cxb6 axb6 28. Rb1 c5 29. Rxb6 cxd4 30. g4 dxe3 31. gxh5 Rxf4 32. Qxe3 e5 33. a5 d4 34. cxd4 exd4 35. Qd3 Rf3 36. Qd1 Be5+ 37. Kg1 Rg3+ 38. Bg2 Kh7 39. Re6 Rfg8 40. Rxe5 Rxg2+ 41. Kh1 R2g4 42. Qe1 Kh8 43. Re7 R4g5 44. Qe2 d3 45. Qb2+ R8g7 46. Rxg7 Rxg7 47. a6 Kh7 48. Qd2 Rd7 49. a7 Rxa7 50. Qxd3+ Kh8 51. Qd4+ Rg7 52. Kh2 Kh7 53. Kh3 Rg5 54. Kh4 Rg7 55. Qe4+ Kh8 56. Qe8+ Kh7 57. Qe6 Rg8 58. Qf6 Rg7 59. Qf5+ Kh8 60. Qg6 Rxg6 61. hxg6 Kg8 62. Kg4 Kf8 63. Kh5 Kg7 64. Kg4 Kxg6 65. Kh4 h5 66. Kh3 Kh6 67. Kh2 Kg5 68. Kh3 h4 69. Kh2 Kg4 70. Kh1 h3 71. Kg1 Kg3 72. Kh1 h2 1/2-1/2

[Event "EU-ch Online U2300 Final"]
[Site "Chess.com INT"]
[Date "2020.05.26"]
[Round "2"]
[White "Hasanagic, Alim"]
[Black "Kacharava, Nikoloz"]
[Result "1-0"]
[WhiteElo "2225"]
[BlackElo "2437"]
[PlyCount "97"]
[EventDate "2020.05.26"]
[EventType "swiss"]
[EventRounds "8"]
[EventCountry "NET"]
[SourceTitle "CBM 196 Extra"]
[Source "ChessBase"]
[SourceDate "2020.07.31"]
[SourceVersion "1"]
[SourceVersionDate "2020.07.31"]
[SourceQuality "1"]

1. d4 d6 2. c4 e5 3. Nf3 e4 4. Ng5 f5 5. g3 Be7 6. Nh3 Nf6 7. Bg2 0-0 8. 0-0 c6 9. Nc3 d5 10. cxd5 Nxd5 11. f3 exf3 12. Bxf3 Be6 13. Nf4 Nxf4 14. Bxf4 Bf6 15. d5 cxd5 16. Nxd5 Na6 17. Nxf6+ Qxf6 18. Bxb7 Rad8 19. Qc2 Bd5 20. Bxd5+ Rxd5 21. Qc4 Rfd8 22. Rad1 Qe6 23. Rd3 Nc5 24. Rxd5 Rxd5 25. b4 Ne4 26. Kg2 h6 27. Rd1 Rd6 28. Qxe6+ Rxe6 29. Rd8+ Kh7 30. Rd7 a6 31. a3 Nc3 32. Kf3 Nxe2 33. Be3 Nc3 34. Bd4 Nb5 35. Rxg7+ Kh8 36. Bb2 Rd6 37. Rg6+ Kh7 38. Rg7+ Kh8 39. Be5 Rd3+ 40. Kf4 Rxa3 41. Kxf5 Re3 42. Bf6 Nd6+ 43. Kg6 Ne4 44. Re7+ Nxf6 45. Rxe3 Ng8 46. Re8 h5 47. Kf7 Kh7 48. Rxg8 h4 49. gxh4 1-0

[Event "EU-ch Online U2300 Final"]
[Site "Chess.com INT"]
[Date "2020.05.26"]
[Round "4"]
[White "Megalios, Konstantinos"]
[Black "Hasanagic, Alim"]
[Result "1-0"]
[WhiteElo "2401"]
[BlackElo "2225"]
[PlyCount "99"]
[EventDate "2020.05.26"]
[EventType "swiss"]
[EventRounds "8"]
[EventCountry "NET"]
[SourceTitle "CBM 196 Extra"]
[Source "ChessBase"]
[SourceDate "2020.07.31"]
[SourceVersion "1"]
[SourceVersionDate "2020.07.31"]
[SourceQuality "1"]

1. Nf3 d6 2. d4 f5 3. Nc3 Nf6 4. Bg5 Nbd7 5. Qd3 g6 6. e4 fxe4 7. Nxe4 Bg7 8. g3 c6 9. Bg2 0-0 10. 0-0 Nxe4 11. Qxe4 Nf6 12. Qe2 h6 13. Be3 g5 14. Rae1 Bf5 15. c3 Qd7 16. Bc1 Rae8 17. h4 g4 18. Nd2 e5 19. dxe5 Rxe5 20. Qd1 Rxe1 21. Rxe1 d5 22. Nb3 Re8 23. Rxe8+ Qxe8 24. Be3 b6 25. Nd4 Bg6 26. Qa4 c5 27. Qxe8+ Bxe8 28. Nf5 Kf7 29. Nd6+ Ke6 30. Nxe8 Nxe8 31. Kf1 Nd6 32. Ke2 Nc4 33. Bc1 a5 34. a4 Ne5 35. h5 d4 36. Be4 dxc3 37. bxc3 Nc4 38. Kd3 Nd6 39. c4 Nf7 40. Bd5+ Ke7 41. Bf4 Nd6 42. f3 gxf3 43. Bxf3 Nf7 44. Bd5 Ng5 45. Bc7 Bd4 46. Bxb6 Bf2 47. g4 Kf6 48. Bxa5 Ke5 49. Bc7+ Kf6 50. a5 1-0

[Event "EU-ch Online U2300 Qual"]
[Site "Chess.com INT"]
[Date "2020.05.25"]
[Round "3"]
[White "Levin, Guy"]
[Black "Hasanagic, Alim"]
[Result "1-0"]
[WhiteElo "2213"]
[BlackElo "2225"]
[PlyCount "78"]
[EventDate "2020.05.25"]
[EventType "swiss"]
[EventRounds "8"]
[EventCountry "NET"]
[SourceTitle "EXT 2021"]
[Source "ChessBase"]
[SourceDate "2020.10.23"]
[SourceVersion "1"]
[SourceVersionDate "2020.10.23"]
[SourceQuality "1"]

1. c4 d6 2. d4 f5 3. Nc3 Nf6 4. Nf3 g6 5. h4 Bg7 6. Bg5 c6 7. Bxf6 Bxf6 8. e4 fxe4 9. Nxe4 Qa5+ 10. Qd2 Qxd2+ 11. Kxd2 Bg4 12. Nxf6+ exf6 13. Be2 h5 14. Ng1 Nd7 15. Bd3 Kf7 16. f3 Be6 17. Ne2 Kg7 18. Nf4 Bf7 19. g4 hxg4 20. fxg4 g5 21. hxg5 fxg5 22. Nh3 Bg6 23. Nxg5 Rxh1 24. Rxh1 Bxd3 25. Kxd3 Kg6 26. Ne4 d5 27. cxd5 cxd5 28. Nc3 Nf6 29. Re1 Rh8 30. Re7 Rh2 31. Rxb7 Rg2 32. Rxa7 Rg3+ 33. Kc2 Rxg4 34. Ra4 Kf5 35. Rb4 Ke6 36. a4 Ne4 37. Rb6+ Kd7 38. Nxd5 Rg2+ 39. Kb3 Nd6 1-0

[Event "EU-ch Online U2300 Qual"]
[Site "Chess.com INT"]
[Date "2020.05.25"]
[Round "5"]
[White "Peycheva, Gergana"]
[Black "Hasanagic, Alim"]
[Result "0-1"]
[WhiteElo "2255"]
[BlackElo "2225"]
[PlyCount "132"]
[EventDate "2020.05.25"]
[EventType "swiss"]
[EventRounds "8"]
[EventCountry "NET"]
[SourceTitle "EXT 2021"]
[Source "ChessBase"]
[SourceDate "2020.10.23"]
[SourceVersion "1"]
[SourceVersionDate "2020.10.23"]
[SourceQuality "1"]

1. d4 d6 2. e4 Nf6 3. Nc3 e5 4. Nf3 Nbd7 5. Bc4 Be7 6. 0-0 0-0 7. h3 c6 8. a4 h6 9. Be3 Re8 10. Re1 Qc7 11. Qd2 Nf8 12. Rad1 Be6 13. Bf1 Ng6 14. b3 a6 15. Bd3 Bf8 16. Ne2 b5 17. Qc3 Rec8 18. Ng3 Rab8 19. Qa1 c5 20. d5 Bd7 21. a5 c4 22. Bf1 cxb3 23. cxb3 Qc3 24. Qa2 Qc2 25. Rd2 Qxa2 26. Rxa2 Be7 27. Raa1 Bd8 28. b4 Ne7 29. Rec1 g6 30. Bxh6 Ne8 31. Bd2 f6 32. Bd3 Kf7 33. Rxc8 Rxc8 34. Rc1 Rxc1+ 35. Bxc1 Ng7 36. Ne2 Bc7 37. Nc3 Bb8 38. Be3 f5 39. Ng5+ Kf6 40. h4 Nc8 41. f4 Nh5 42. fxe5+ dxe5 43. Bc5 Nd6 44. Bb6 Nf4 45. Bd8+ Kg7 46. Bc2 Nf7 47. Nxf7 Kxf7 48. g3 Nh5 49. Kf2 Bd6 50. Na2 f4 51. gxf4 Nxf4 52. Bb6 Be7 53. Bc5 Bxh4+ 54. Kf3 g5 55. Nc1 g4+ 56. Ke3 g3 57. Ne2 g2 58. Kf3 Nxe2 59. Kxe2 Bg4+ 60. Kd3 Be1 61. Bg1 Bxb4 62. Bb3 Ke7 63. Ke3 Bc5+ 64. Kd2 Bxg1 65. Kc3 Bc5 66. Kc2 g1Q 0-1

[Event "Titled Tuesday intern op 12th May"]
[Site "Chess.com INT"]
[Date "2020.05.12"]
[Round "4"]
[White "Ghasi, Ameet K"]
[Black "Hasanagic, Alim"]
[Result "0-1"]
[WhiteElo "2485"]
[BlackElo "2062"]
[PlyCount "106"]
[EventDate "2020.05.12"]
[EventType "swiss (blitz)"]
[EventRounds "10"]
[EventCountry "USA"]
[SourceTitle "EXT 2021"]
[Source "ChessBase"]
[SourceDate "2020.10.23"]
[SourceVersion "1"]
[SourceVersionDate "2020.10.23"]
[SourceQuality "1"]

1. Nf3 d6 2. g3 f5 3. d4 Nf6 4. Bg2 g6 5. 0-0 Bg7 6. c4 0-0 7. Nc3 c6 8. d5 e5 9. dxc6 bxc6 10. b3 e4 11. Nd4 Qe7 12. Qc2 c5 13. Ndb5 a6 14. Na3 Nc6 15. Qd1 Be6 16. Nc2 Ng4 17. Bb2 Nd4 18. Na4 Nxc2 19. Qxc2 Rad8 20. Nc3 h5 21. h3 Ne5 22. f4 Nc6 23. h4 Bd4+ 24. Kh2 Qg7 25. Qd2 Rd7 26. Rad1 Rfd8 27. Qc1 Nb4 28. Ba1 Bxc3 29. Qxc3 Qxc3 30. Bxc3 Nxa2 31. Bf6 Rb8 32. Ra1 Nb4 33. Rfc1 Kf7 34. Bc3 Rb6 35. Kg1 Rdb7 36. Rd1 Ke7 37. Ra3 Nc2 38. Ra2 Ne3 39. Rc1 Rxb3 40. Rxa6 Bxc4 41. Ra8 Ke6 42. Rg8 Bxe2 43. Rxg6+ Kd5 44. Bh3 Bg4 45. Bxg4 Nxg4 46. Rg5 Kc4 47. Be1+ Kd3 48. Rxf5 Rb1 49. Rd5+ Ke3 50. Rcd1 Ke2 51. R5d2+ Kf3 52. Rxd6 e3 53. R6d3 Ke2 0-1

[Event "Titled Tuesday intern op 12th May"]
[Site "Chess.com INT"]
[Date "2020.05.12"]
[Round "3"]
[White "Hasanagic, Alim"]
[Black "Chen, Ryo"]
[Result "1-0"]
[WhiteElo "2062"]
[BlackElo "2085"]
[PlyCount "141"]
[EventDate "2020.05.12"]
[EventType "swiss (blitz)"]
[EventRounds "10"]
[EventCountry "USA"]
[SourceTitle "EXT 2021"]
[Source "ChessBase"]
[SourceDate "2020.10.23"]
[SourceVersion "1"]
[SourceVersionDate "2020.10.23"]
[SourceQuality "1"]

1. d4 Nf6 2. Bg5 d5 3. Bxf6 exf6 4. e3 Bd6 5. g3 0-0 6. Bg2 c6 7. Ne2 f5 8. 0-0 Nd7 9. c4 dxc4 10. Qc2 Nf6 11. Nd2 Be6 12. Nxc4 Bc7 13. a4 a5 14. Rab1 Nd5 15. b3 Nb4 16. Qd2 Bd5 17. Nc3 Bxg2 18. Kxg2 Qd7 19. Rbd1 Nd5 20. Nxd5 Qxd5+ 21. Kg1 Rfe8 22. Qc2 Re6 23. Nb2 Rae8 24. Nd3 g5 25. Qc4 Rd8 26. Nc5 Rh6 27. Qxd5 Rxd5 28. Nxb7 Bb6 29. Rc1 Kf8 30. Rc4 Ke7 31. Rfc1 Kd7 32. Nc5+ Bxc5 33. Rxc5 Rhd6 34. Kf1 g4 35. Ke2 Rxc5 36. Rxc5 Rd5 37. Rxd5+ cxd5 38. Kd3 Kc6 39. Kc3 h6 40. b4 Kb6 41. bxa5+ Kxa5 42. Kb3 f6 43. Ka3 h5 44. Kb3 f4 45. exf4 f5 46. Ka3 Ka6 47. Kb4 Kb6 48. a5+ Ka6 49. Ka4 Ka7 50. Kb5 Kb7 51. a6+ Ka7 52. Ka5 Ka8 53. Kb6 Kb8 54. Kc6 Ka7 55. Kxd5 Kxa6 56. Kc6 Ka5 57. d5 Kb4 58. d6 Kc3 59. d7 Kd2 60. d8Q+ Ke2 61. Qh4 Kxf2 62. Qxh5 Kg2 63. Kd5 Kh1 64. Ke5 Kg2 65. Kxf5 Kh1 66. Kxg4 Kg2 67. h4 Kh1 68. Qb5 Kg2 69. Qb2+ Kh1 70. Kh3 Kg1 71. Qg2# 1-0

[Event "Titled Tuesday intern op 1st Dec"]
[Site "Chess.com INT"]
[Date "2015.12.01"]
[Round "9"]
[White "Gabrielian, Artur"]
[Black "Hasanagic, Alim"]
[Result "1/2-1/2"]
[WhiteElo "2545"]
[BlackElo "2062"]
[PlyCount "216"]
[EventDate "2015.12.01"]
[EventType "swiss (blitz)"]
[EventRounds "9"]
[EventCountry "USA"]
[SourceTitle "EXT 2021"]
[Source "ChessBase"]
[SourceDate "2020.10.23"]
[SourceVersion "1"]
[SourceVersionDate "2020.10.23"]
[SourceQuality "1"]

1. Nf3 f5 2. d4 d6 3. Nc3 Nf6 4. Bg5 Nbd7 5. e3 g6 6. h4 h6 7. Bf4 Bg7 8. Bc4 c6 9. Bb3 a5 10. a4 Nb6 11. Qe2 Ne4 12. Nxe4 fxe4 13. Nd2 d5 14. c4 Bf5 15. g4 Be6 16. c5 Nd7 17. Nxe4 Bf7 18. Nd2 e5 19. Bg3 0-0 20. dxe5 Nxc5 21. Bc2 d4 22. exd4 Qxd4 23. 0-0 Rae8 24. Rfe1 Nd7 25. Rad1 Nxe5 26. Ne4 Qxb2 27. Nd6 Nf3+ 28. Qxf3 Rxe1+ 29. Rxe1 Qxc2 30. Nxf7 Rxf7 31. Re8+ Bf8 32. Qe3 Qd1+ 33. Kh2 Qxg4 34. Qxh6 Qf5 35. Qe3 b5 36. Re5 Qf3 37. Qg5 Kh7 38. axb5 Bh6 39. Qd8 Bf4 40. Qd4 Bxg3+ 41. fxg3 Qf1 42. bxc6 Rf2+ 43. Qxf2 Qxf2+ 44. Kh3 Qf1+ 45. Kh2 Qc1 46. Re7+ Kh6 47. Ra7 Qc5 48. c7 a4 49. Kh3 a3 50. Rxa3 Qxc7 51. Rf3 Qd7+ 52. Kh2 Qd2+ 53. Kh3 Qd7+ 54. Kh2 Qg4 55. Rf4 Qe2+ 56. Kh3 g5 57. hxg5+ Kxg5 58. Rh4 Qf1+ 59. Kh2 Qf2+ 60. Kh3 Qg1 61. Rg4+ Kf5 62. Rf4+ Ke5 63. Kh4 Qh2+ 64. Kg4 Qh1 65. Rb4 Qd1+ 66. Kh4 Qd8+ 67. Kh3 Qd7+ 68. g4 Qh7+ 69. Kg3 Qd3+ 70. Kh4 Qd8+ 71. Kh3 Qd7 72. Rb3 Qh7+ 73. Kg3 Qh1 74. Rf3 Qg1+ 75. Kh4 Qh2+ 76. Kg5 Qg2 77. Rf5+ Ke6 78. Kh5 Qh3+ 79. Kg5 Qg3 80. Kh5 Qg2 81. Kh4 Qh2+ 82. Kg5 Qd2+ 83. Kh4 Qe3 84. Kh5 Ke7 85. Kh4 Qh6+ 86. Kg3 Ke6 87. Kf3 Qh3+ 88. Kf4 Qh4 89. Kf3 Qe1 90. Kf4 Qd2+ 91. Kg3 Qe3+ 92. Kh4 Ke7 93. Kh5 Ke6 94. Kh4 Qh6+ 95. Kg3 Ke7 96. Kf3 Qh4 97. Kf4 Ke6 98. Kf3 Qh6 99. Kg3 Qd2 100. Kh3 Qe2 101. Kg3 Qe4 102. Kh3 Qh1+ 103. Kg3 Qg1+ 104. Kh3 Qe3+ 105. Kh4 Qh6+ 106. Kg3 Qg6 107. Kh4 Qxf5 108. gxf5+ Kxf5 1/2-1/2

[Event "Titled Tuesday intern op 1st Dec"]
[Site "Chess.com INT"]
[Date "2015.12.01"]
[Round "3"]
[White "Hasanagic, Alim"]
[Black "Ben Artzi, Ido"]
[Result "0-1"]
[WhiteElo "2062"]
[BlackElo "2419"]
[PlyCount "80"]
[EventDate "2015.12.01"]
[EventType "swiss (blitz)"]
[EventRounds "9"]
[EventCountry "USA"]
[SourceTitle "EXT 2021"]
[Source "ChessBase"]
[SourceDate "2020.10.23"]
[SourceVersion "1"]
[SourceVersionDate "2020.10.23"]
[SourceQuality "1"]

1. e4 e5 2. Nf3 Nc6 3. Bc4 Bc5 4. c3 Nf6 5. d3 a6 6. Nbd2 Ba7 7. b4 0-0 8. 0-0 d5 9. Bb3 h6 10. h3 Be6 11. Qe2 d4 12. c4 Nxb4 13. Nxe5 Re8 14. f4 Nd7 15. Nxd7 Bxd7 16. a3 Nc6 17. Nf3 Bc5 18. Kh2 a5 19. g4 a4 20. Bc2 Na5 21. Rb1 Ra6 22. Bd2 Bxa3 23. Bxa5 Rxa5 24. Rxb7 Bc5 25. Ra1 a3 26. Nd2 Bc6 27. Rbb1 Qf6 28. Qf3 g5 29. Nb3 Rea8 30. Nxa5 Rxa5 31. Rb8+ Kg7 32. Kg2 gxf4 33. Bb3 Bd6 34. Ba2 h5 35. Rab1 hxg4 36. Qxg4+ Rg5 37. Kf3 Rxg4 38. hxg4 Qh4 39. c5 Qg3+ 40. Ke2 f3+ 0-1

[Event "Titled Tuesday intern op 1st Dec"]
[Site "Chess.com INT"]
[Date "2015.12.01"]
[Round "7"]
[White "Hasanagic, Alim"]
[Black "Wieczorek, Oskar"]
[Result "1-0"]
[WhiteElo "2062"]
[BlackElo "2423"]
[PlyCount "43"]
[EventDate "2015.12.01"]
[EventType "swiss (blitz)"]
[EventRounds "9"]
[EventCountry "USA"]
[SourceTitle "EXT 2021"]
[Source "ChessBase"]
[SourceDate "2020.10.23"]
[SourceVersion "1"]
[SourceVersionDate "2020.10.23"]
[SourceQuality "1"]

1. e4 c5 2. c3 Qa5 3. Nf3 Nc6 4. Bc4 d6 5. 0-0 Nf6 6. Re1 e6 7. d4 cxd4 8. cxd4 d5 9. exd5 Nxd5 10. Bxd5 Qxd5 11. Nc3 Qd8 12. d5 Nb4 13. a3 Na6 14. Bg5 Be7 15. Bxe7 Qxe7 16. d6 Qd8 17. Ne5 Nb8 18. Nd5 Na6 19. Qf3 Rf8 20. Rad1 Bd7 21. Nc7+ Nxc7 22. dxc7 1-0

[Event "Zadar op-B 20th"]
[Site "Zadar"]
[Date "2013.12.18"]
[Round "6"]
[White "Hasanagic, Alim"]
[Black "Rosandic, Denis"]
[Result "1/2-1/2"]
[WhiteElo "2148"]
[BlackElo "2285"]
[PlyCount "59"]
[EventDate "2013.12.15"]
[EventType "swiss"]
[EventRounds "9"]
[EventCountry "CRO"]
[SourceTitle "CBM 158 Extra"]
[Source "ChessBase"]
[SourceDate "2014.02.28"]
[SourceVersion "1"]
[SourceVersionDate "2014.02.28"]
[SourceQuality "1"]

1. d4 d5 2. c4 dxc4 3. Nf3 Nf6 4. g3 c5 5. Qa4+ Bd7 6. Qxc4 cxd4 7. Qxd4 Nc6 8. Qd1 e5 9. Bg2 Bb4+ 10. Nc3 0-0 11. 0-0 h6 12. a3 Bxc3 13. bxc3 Rc8 14. a4 Re8 15. Nd2 Be6 16. Ne4 Nxe4 17. Qxd8 Rexd8 18. Bxe4 Na5 19. Be3 b6 20. Rfd1 Nc4 21. Rxd8+ Rxd8 22. Bd3 Nxe3 23. fxe3 Rd5 24. Bc4 Rc5 25. Bxe6 fxe6 26. Ra3 Kf7 27. e4 Rc4 28. a5 Rxe4 29. axb6 axb6 30. Kf2 1/2-1/2